Obálka Náhled e-knihy:
Epub
Pro půjčování e-knih musíte být přihlášeni.
Jak si půjčit online?

Otec Kondelík a ženich Vejvara /

Pan Kondelík je vážený pražský měšťan, malíř pokojů. Má dospělou dceru Pepinku, která naváže známost s magistrátním úředníkem Františkem Vejvarou. A tady nastávají problémy. Paní Kondelíková vztahu přeje, kdežto otec Kondelík ne, neboť má obavy o svůj ustálený pořádek a pohodlí... V úsměvném obrázku...

Celý popis

Uloženo v:
Hlavní autor: Herrmann, Ignát (Autor)
Médium: E-kniha
Jazyk:Czech
Vydáno: Praha : Artis, 2024
Tagy:
Žádné tagy
LEADER 01383nam a22002297i 4500
001 312237
007 ta
008 260601s2024 xr ||||| |||| 00| 0 cze d
020 |a 9990003947864 
044 |a xr 
100 1 |a  Herrmann, Ignát  |4 aut 
245 1 0 |a Otec Kondelík a ženich Vejvara /  |c  Herrmann, Ignát 
264 1 |a Praha :  |b Artis,  |c 2024 
300 |a 1 online zdroj (275 stran) 
336 |a text  |b txt  |2 rdacontent 
337 |a bez média  |b n  |2 rdamedia 
338 |a online zdroj  |b cr  |2 rdacarrier 
520 2 |a Pan Kondelík je vážený pražský měšťan, malíř pokojů. Má dospělou dceru Pepinku, která naváže známost s magistrátním úředníkem Františkem Vejvarou. A tady nastávají problémy. Paní Kondelíková vztahu přeje, kdežto otec Kondelík ne, neboť má obavy o svůj ustálený pořádek a pohodlí... V úsměvném obrázku ze života pražské rodiny přelomu 19. a 20. století zobrazil autor českého maloměšťáka s jeho typickými vlastnostmi. 
910 |a RBIT002 
998 |d 394786  |a https://core.palmknihy.cz/api/books/394786/cover?s7echh  |b https://core.palmknihy.cz/api/books/394786/cover/400?s7echh  |c https://core.palmknihy.cz/api/books/394786/cover/50?s7echh  |e 2099-12-01  |g 275  |i 9990003947864  |j https://core.palmknihy.cz/api/books/394786/preview.epub  |l   |q 49  |r 1  |s https://www.palmknihy.cz/kniha/394786  |t ebook  |y 2024  |z 1 
999 |d 312235